[Event "Harrogate 4NCL op-C 27th"]
[Site "Harrogate"]
[Date "2022.01.23"]
[Round "5"]
[White "Merry, John D"]
[Black "Sartain, Patrick"]
[Result "0-1"]
[WhiteElo "1660"]
[BlackElo "1556"]
[PlyCount "70"]
[EventDate "2022.01.21"]
[EventType "swiss"]
[EventRounds "5"]
[EventCountry "ENG"]
[SourceTitle "CBM 206 Extra"]
[Source "ChessBase"]
[SourceDate "2022.03.31"]
[SourceVersion "1"]
[SourceVersionDate "2022.03.31"]
[SourceQuality "1"]

1. e4 d6 2. d4 h6 3. Nf3 Bg4 4. Be2 Nf6 5. Nbd2 e6 6. 0-0 Be7 7. h3 Bh5 8. Nh2 Bxe2 9. Qxe2 Nbd7 10. Ng4 h5 11. Nxf6+ Nxf6 12. Nf3 Qd7 13. c4 0-0-0 14. e5 Nh7 15. Be3 d5 16. Rac1 f5 17. c5 c6 18. b4 g5 19. a4 g4 20. Nd2 gxh3 21. gxh3 Bg5 22. Nf3 Bxe3 23. Qxe3 Rdg8+ 24. Kh2 Qf7 25. Rg1 f4 26. Qd3 Qe7 27. Rxg8+ Rxg8 28. Rg1 Rxg1 29. Kxg1 Ng5 30. Nxg5 Qxg5+ 31. Kh2 Qg7 32. Qf3 Qf7 33. Qg2 f3 34. Qg5 Qf5 35. Qg3 Qf7 0-1

[Event "London Classic U1600 op 10th"]
[Site "London"]
[Date "2018.12.16"]
[Round "4"]
[White "Merry, John D"]
[Black "Sankar, Deekshitha"]
[Result "1-0"]
[WhiteElo "1555"]
[BlackElo "1323"]
[PlyCount "57"]
[EventDate "2018.12.14"]
[EventType "swiss"]
[EventRounds "5"]
[EventCountry "ENG"]
[SourceTitle "CBM 187 Extra"]
[Source "ChessBase"]
[SourceDate "2018.11.04"]
[SourceVersion "1"]
[SourceVersionDate "2018.11.04"]
[SourceQuality "1"]

1. e4 e5 2. Nf3 Nc6 3. Bb5 Bc5 4. c3 d6 5. d4 exd4 6. cxd4 Bb4+ 7. Bd2 Bd7 8. d5 Bxd2+ 9. Qxd2 Ne5 10. Bxd7+ Qxd7 11. Nxe5 dxe5 12. Qg5 f6 13. Qh5+ g6 14. Qe2 0-0-0 15. Nc3 a6 16. a4 Ne7 17. 0-0 Kb8 18. b4 c6 19. b5 a5 20. bxc6 bxc6 21. Rab1+ Kc7 22. Qa6 Rb8 23. Qxa5+ Kc8 24. Rxb8+ Kxb8 25. Rb1+ Kc8 26. Qa8+ Kc7 27. Qxh8 cxd5 28. Qb8+ Kc6 29. Qb6# 1-0

[Event "London Classic U1600 op 10th"]
[Site "London"]
[Date "2018.12.15"]
[Round "3"]
[White "Agarwal, Aditi"]
[Black "Merry, John D"]
[Result "1/2-1/2"]
[WhiteElo "1332"]
[BlackElo "1555"]
[PlyCount "57"]
[EventDate "2018.12.14"]
[EventType "swiss"]
[EventRounds "5"]
[EventCountry "ENG"]
[SourceTitle "CBM 187 Extra"]
[Source "ChessBase"]
[SourceDate "2018.11.04"]
[SourceVersion "1"]
[SourceVersionDate "2018.11.04"]
[SourceQuality "1"]

1. Nf3 Nf6 2. d3 g6 3. g3 Bg7 4. Bg2 0-0 5. e4 d6 6. Nbd2 Nc6 7. 0-0 Rb8 8. c3 b5 9. Re1 Bb7 10. Qc2 b4 11. e5 dxe5 12. Nxe5 Nxe5 13. Rxe5 Bxg2 14. Kxg2 Ng4 15. Re2 Qd5+ 16. f3 bxc3 17. bxc3 e6 18. Ne4 Ne5 19. d4 Nc4 20. Qa4 a5 21. Bh6 f5 22. Bxg7 fxe4 23. fxe4 Qh5 24. Qxc4 Kxg7 25. Qxc7+ Kh6 26. Rf2 Rxf2+ 27. Kxf2 Rf8+ 28. Kg2 Qf3+ 29. Kh3 1/2-1/2